Phòng, chống tệ nạn ma tuý trong nhà trường

Guardat en:
Dades bibliogràfiques
Autor principal: Nguyễn Xuân Yêm
Format: Llibre
Idioma:Undetermined
Publicat: CAND 2002
Matèries:
Etiquetes: Afegir etiqueta
Sense etiquetes, Sigues el primer a etiquetar aquest registre!
Thư viện lưu trữ: Trung tâm Học liệu Trường Đại học Cần Thơ
LEADER 00530nam a2200169Ia 4500
001 CTU_53764
008 210402s9999 xx 000 0 und d
020 |b 21500 
082 |a 362.298 
082 |b Y253 
100 |a Nguyễn Xuân Yêm 
245 0 |a Phòng, chống tệ nạn ma tuý trong nhà trường 
245 0 |c Nguyễn Xuân Yêm 
260 |b CAND 
260 |c 2002 
650 |a narcotics and youth,narcotics, control of,health promotion 
980 |a Trung tâm Học liệu Trường Đại học Cần Thơ